01063nam a2200229 i 450000100060000000300090000600500170001500700030003200800410003502000180007608000190009410000350011324503080014826000610045630000220051770000390053970000500057871000330062885200330066199900170069495201220071117576ES-MaACL20250523062556.0t|010404s2000 sp ||||1| spa d a84-8409-078-7 a821.124-96"00"1 aSéneca, Lucio Anneo.910545110aDiálogos b: De la providencia. De la firmeza del sabio. De la ira (I-II-III). De la felicidad. De la vida retirada. De la serenidad del espíritu. De la brevedad de la vida / cLucio Anneo Séneca ; introducciones, traducción y notas Matías López López ; prólogo Agustín García Calvo. aLleida : bEdicions de la Universitat de Lleida, c2000. a293 p. ; c24 cm.1 aLópez López, Matías.91976091 aGarcía Calvo, Agustín,d1926-201292338412 aUniversidad de Lleida.97202 aES-MaACLjL-24515 bR.129820 c17576d17576 00104070aATENEOMbATENEOMcDEPO2d2008-01-17eSCl0oL-24515p1017931r2023-02-23 00:00:00w2023-02-23yMONOGRAFIA